000 00451nam a2200193Ia 4500
003 OSt
005 20260202100616.0
008 210210b1971 xxu||||| |||| 00| 0 eng d
040 _cAL
041 _aeng
082 _a823.914 SABC
100 _aSabatini, Rafael
_9253455
245 _aCaptain blood
260 _aLondon
_bMacmillan & Co. Ltd.
_c1971
300 _a132p.
690 _aEnglish Fiction
_9253456
906 _a030525
942 _2ddc
_cBK
999 _c81825
_d81825